| 000 | 01036cam a2200349 a 4500 | ||
|---|---|---|---|
| 001 | 16527298 | ||
| 003 | OSt | ||
| 005 | 20140310182814.0 | ||
| 008 | 101101s2010 mauab b 001 0 eng | ||
| 010 | _a 2010485629 | ||
| 020 | _a0205698301 (pbk.) | ||
| 020 | _a9789810695941 | ||
| 040 |
_aDLC _cDLC |
||
| 042 | _apcc | ||
| 050 | 0 | 0 |
_aHM 586 _b.H526 2010 |
| 082 |
_2M 310 _bH493 2010 |
||
| 100 | 1 | _aHenslin, James M. | |
| 245 | 1 | 0 |
_aSociology : _ba down-to-earth approach : core concepts / _cHenslin, James M. |
| 250 | _a4th ed. | ||
| 260 |
_aBoston, MA : _bAllyn & Bacon, _cc2010. |
||
| 300 |
_a1 v. (various pagings) : _bill. (chiefly col.), maps ; _c28 cm. |
||
| 504 | _aIncludes bibliographical references and indexes. | ||
| 521 | _a Highschool to College student | ||
| 526 | _c 0L to 1700L | ||
| 541 | _j1 | ||
| 541 | _j2 | ||
| 562 | _e2 | ||
| 650 | 0 | _aSociology. | |
| 906 |
_a7 _bcbc _corignew _d2 _encip _f20 _gy-gencatlg |
||
| 942 |
_2lcc _cBK _kM |
||
| 999 |
_c16233 _d16233 |
||